|
|
|
|
| LEADER |
00879nam a2200229 a 4500 |
| 001 |
3624379 |
| 008 |
091101s1975 ilu b 001 0 eng d |
| 010 |
|
|
|a 74027540
|
| 020 |
|
|
|a 0256017387
|
| 040 |
|
|
|a DLC
|c DLC
|d DLC
|
| 082 |
0 |
0 |
|a 361
|2 18
|
| 100 |
1 |
|
|a Piccard, Betty J.
|
| 245 |
1 |
3 |
|a An introduction to social work :
|b a primer /
|c Betty J. Piccard.
|
| 260 |
|
|
|a Homewood, Ill. :
|b Dorsey Press,
|c 1975.[printing 1977]
|
| 300 |
|
|
|a xii, 169 p. ;
|c 23 cm.
|
| 504 |
|
|
|a Includes bibliography: [p. 159-163] and index.
|
| 541 |
1 |
|
|e 00000776
|
| 650 |
|
0 |
|a Social service.
|
| 650 |
|
0 |
|a Social service
|z United States.
|
| 852 |
4 |
|
|a Ayesha Abed Library
|j General Shelf.
|
| 999 |
|
|
|c 4985
|d 4985
|
| 952 |
|
|
|0 0
|1 0
|2 ddc
|4 0
|6 361_PIC_197700000000000
|7 0
|9 4809
|a BRACUL
|b BRACUL
|c GEN
|d 2009-11-02
|g 0.00
|l 0
|o 361 PIC
|p 3010000776
|r 2009-11-02
|t 1
|w 2009-11-02
|y BK
|x No price found in the accession register.
|